Najpopularniejsze języki Afryki na mapie - Statystyki

Ogólne statystyki
  • Ten quiz został rozwiązany 2 099 razy
  • Średni wynik to 9 z 50
Odpowiedzi na mapie
Odpowiedzi zakodowano w zielono-czerwonej skali na mapie do tego quizu, zgodnie z poniższymi procentami.
 
Statystyki odpowiedzi
Liczba ludności Język % Poprawnych
197 mln Arabski
91%
24 mln Angielski
87%
120 mln Francuski
86%
4,1 mln Hiszpański
71%
18 mln Portugalski
70%
20 mln Suahili
54%
7,2 mln Afrikaans
42%
10 mln Zulu
35%
16 mln Somalijski
34%
23 mln Berberyjski
22%
21 mln Amharski
19%
18 mln Malgaski
17%
7,6 mln Xhosa
17%
4,6 mln Północny sotho
15%
5,6 mln Sotho
15%
44 mln Igbo
14%
50 mln Joruba
14%
5,6 mln Kongo
14%
51 mln Hausa
13%
9,8 mln Rwanda
11%
5,8 mln Tswana
11%
26 mln Oromski
10%
8,8 mln Rundi
10%
25 mln Ful
8%
7,0 mln Tigrinia
7%
20 mln Lingala
6%
14 mln Shona
6%
5,4 mln Wolof
6%
9,7 mln Czewa
5%
4,3 mln Matabele
5%
11 mln Akan
4%
4,1 mln Bambara
4%
9,2 mln Luganda
4%
4,2 mln Luo
4%
8,8 mln Kanuri
3%
4,0 mln Kikamba
3%
8,0 mln Kikuju
3%
5,7 mln Kituba
3%
6,3 mln Luba
3%
6,8 mln Luhja
3%
4,0 mln Makua
3%
5,0 mln Maninka
3%
7,6 mln Mossi
3%
4,4 mln Nyankole
3%
4,0 mln Sidamo
3%
5,5 mln Sukuma
3%
5,0 mln Tiw
3%
6,0 mln Umbundu
3%
7,0 mln Wolaita
3%
4,3 mln Zarma
3%
Nie znaleziono quizów pasujących do podanych kryteriów
Rozkład punktacji
Procent ludzi z każdym wynikiem
Percentyl według liczby udzielonych odpowiedzi
Twoja historia wyników
Nie rozwiązałeś tego quizu